000 00479nam a2200181Ia 4500
005 20250326141903.0
008 250326s9999 xx 000 0 und d
037 _aTextbook
040 _aFMSL
_beng
_cFMSL
041 _aeng
_2eng
084 _qFMSL
100 _aMalhotra Naveen K
_9745222
245 0 _aBasic ficial management
_cMalhotra Naveen K
260 _aNew Delhi
_bNew Delhi, Lancers Books
_c1989
300 _a195p
942 _cTB
999 _c1292447
_d1292447